000 00947nam a2200229 i 4500
001 110786
003 ES-MaACL
005 20250929063146.0
007 t|
008 070125s1918 sp ||||1| spa d
080 _a343.222
100 1 _aSánchez Tejerina, Isaías,
_d1892-1959
_9102947
245 1 0 _aTeoría de los delitos de omisión
_b: delitos de simple omisión, delitos de comisión por omisión, delitos de omisión espiritual /
_cpor Isaías S. Sánchez Tejerina ; con un prólogo de Luis Jiménez de Asúa.
260 _aMadrid :
_bHijos de Reus,
_c1918.
300 _aXXXVI, 132 p. ;
_c23 cm.
490 1 _aBiblioteca jurídica de autores españoles y extranjeros ;
_v30
650 1 4 _aDelitos de omisión.
_911560
700 1 _aJiménez de Asúa, Luis,
_d1889-1970
_966491
830 0 _aBiblioteca jurídica de autores españoles y extranjeros ;
_v30
_9182228
852 _aES-MaACL
_jE-3051
999 _c110786
_d110786